Métodos y comparación jurídica
Enregistré dans:
| Auteur principal: | |
|---|---|
| Format: | Inconnue |
| Langue: | anglais espagnol |
| Publié: |
Madrid
Dykinson
2018
|
| Édition: | Primera edición |
| Sujets: | |
| Tags: |
Ajouter un tag
Pas de tags, Soyez le premier à ajouter un tag!
|
MARC
| LEADER | 00000 a2200000 4500 | ||
|---|---|---|---|
| 003 | CL-VaPUC | ||
| 005 | 20210313002224.0 | ||
| 008 | 191230b ||||| |||| 00| 0 eng d | ||
| 999 | |c 376015 |d 376013 | ||
| 020 | |a 9788491488613 | ||
| 040 | |c Pontificia Universidad Católica de Valparaíso | ||
| 041 | 0 | |a spa | |
| 082 | |a 340.2 SCA 2018 | ||
| 100 | 1 | |a Scarciglia, Roberto |9 604944 | |
| 245 | |a Métodos y comparación jurídica | ||
| 250 | |a Primera edición | ||
| 260 | |b Dykinson |c 2018 |a Madrid | ||
| 300 | |a 217 p | ||
| 505 | 0 | |a Capítulo primero: enseñanza, objeto y funciones del Derecho Comparado. Capítulo segundo: métodos y comparación jurídica. Capítulo tercero: research question y procedimiento comparativo. Capítulo cuarto: la comparación entre fenómenos globales y tradiciones jurídicas: ¿Hacia el pluralismo metodológico? Conclusiones Índice de autores citados | |
| 583 | |k Hugo Gaete |c 20191230 | ||
| 650 | 0 | 0 | |a Derecho comparado |9 255664 |
| 650 | 0 | 0 | |a Derecho privado |9 258243 |
| 942 | |2 ddc |c BK | ||
| 952 | |0 0 |1 0 |2 ddc |4 0 |6 340_200000000000000_SCA_2018 |7 0 |9 495183 |a BIBDER |b BIBDER |d 2019-12-26 |e 36 |g 15383.00 |i 5570999 |o 340.2 SCA 2018 |p 5570999 |r 2023-01-25 |t 1 |v 15383.00 |w 2019-12-26 |y BK |k DER | ||